Behind Blue Eyes - The Who full Lyrics - Statistics

General Stats
  • This quiz has been taken 21 times
  • The average score is 165 of 199
Answer Stats
Answer % Correct
a
100%
bad
100%
be
100%
be.
100%
But
100%
dreams,
100%
hated,
100%
I
100%
it
100%
it's
100%
knows
100%
like
100%
like,
100%
my
100%
No
100%
on
100%
one
100%
the
100%
to
100%
what
100%
behind
94%
blue
94%
eyes.
94%
have
94%
love
94%
man,
94%
man
94%
man...
94%
only
94%
sad
94%
tell
94%
telling
94%
and
89%
And
89%
as
89%
do,
89%
free.
89%
is
89%
lies.
89%
never
89%
seems
89%
they
89%
vengeance
89%
you!
89%
hours,
83%
lonely,
83%
aren't
78%
empty
78%
that's
78%
blame
72%
fated
72%
feel
72%
anger,
67%
back
67%
bites
67%
conscience
67%
me
67%
of
67%
their
67%
hard
61%
news,
61%
When
61%
when
61%
before
56%
coat.
56%
crack
56%
finger
56%
if
56%
none
56%
put
56%
smile,
56%
some
56%
through.
56%
your
56%
anything
50%
can
50%
down
50%
evil,
50%
fool.
50%
laugh
50%
open,
50%
warm,
50%
wear
50%
cool,
44%
feelings
44%
keep
44%
let
44%
lose
44%
pain
44%
show
44%
swallow
44%
these
44%
use
44%
blanket,
39%
clenches,
39%
fist
39%
give
39%
shiver,
39%
throat,
39%
act
33%
please
33%
woe
28%
No matching quizzes found
Score Distribution
Percent of People with Each Score
Percentile by Number Answered
Your Score History
You have not taken this quiz